| 000 | 00505nam a22001937a 4500 | ||
|---|---|---|---|
| 999 |
_c7925 _d7925 |
||
| 003 | OSt | ||
| 005 | 20220802111850.0 | ||
| 008 | 220802b ||||| |||| 00| 0 eng d | ||
| 020 | _a1852330589 | ||
| 040 | _cDDC | ||
| 082 | _a516 FEN 2001 | ||
| 100 |
_a Roger Fenn _916106 |
||
| 245 | _aGeometry | ||
| 260 |
_a New York : _bSpringer; _c c2001 |
||
| 300 |
_axii, 313 p. : _b ill. ; _c 24 cm |
||
| 504 | _aIncludes bibliographical references and index. | ||
| 650 |
_aGeometry. _912062 |
||
| 942 |
_2ddc _cBOOK |
||